| 000 | 00795nam a22002177a 4500 | ||
|---|---|---|---|
| 999 |
_c15931 _d15931 |
||
| 003 | AR-CdUCM | ||
| 008 | 190430b ||||| |||| 00| 0 spa d | ||
| 040 |
_aMUNICIPALIDAD PROVINCIAL DEL CUSCO _cBIBLIOTECA MUNICIPAL DEL CUSCO |
||
| 082 |
_aEP / 398 / _bP26 |
||
| 110 |
_aMinisterio de educación, unidad de servicios educativos 05. _935172 |
||
| 245 |
_aRed educativa n° 1 : _bUSE 05 San Juan de Lurigancho / |
||
| 260 |
_aPeru : _bMinisterio de educación, unidad de servicios educativos 05, |
||
| 300 |
_a31 páginas ; _c29 cm. _bIlustraciones. |
||
| 440 |
_aPara leer, gozando. _935173 |
||
| 500 | _aUnicef. | ||
| 505 | _aContenido :Cuentos ... | ||
| 650 |
_aDerecho a la educación. _935174 |
||
| 650 |
_aEducación primaria. _91561 |
||
| 942 |
_2ddc _cLIBROS |
||
| 945 |
_arum _d2019-04-30 |
||